Statistics for Capitals Between Madrid and Cairo

Click here to take the quiz!

General Stats

  • This quiz has been taken 22 times
  • The average score is 20 of 25

Answer Stats

latitude (north) capital city % Correct
31.78Jerusalem
89%
37.97Athens
89%
31.93Amman
89%
35.17Nicosia
89%
36.77Algiers
89%
36.8Tunis
89%
35.88Valletta
89%
38.7Lisbon
84%
32.9Tripoli
84%
33.33Baghdad
84%
35.68Tehran
84%
33.5Damascus
84%
35.53Kabul
79%
39.87Ankara
79%
33.72Islamabad
79%
33.88Beirut
74%
40.18Yerevan
74%
35.03Rabat
74%
39.9Beijing
74%
37.93Ashgabat
68%
35.68Tokyo
68%
38.88Washington, DC
68%
37.55Seoul
68%
38.53Dushanbe
63%
39.02Pyongyang
53%

Score Distribution

Percentile by Number Answered

Percent of People with Each Score

Your Score History

You have not taken this quiz